[Event "Novosibirsk Sukharev Memorial op"]
[Site "Novosibirsk"]
[Date "2011.07.18"]
[Round "1"]
[White "Moskalev, Alexander"]
[Black "Vasiliev, Igor2"]
[Result "1-0"]
[WhiteElo "2044"]
[BlackElo "1709"]
[PlyCount "63"]
[EventDate "2011.07.18"]
[EventType "swiss"]
[EventRounds "9"]
[EventCountry "RUS"]
[SourceTitle "EXT 2012"]
[Source "ChessBase"]
[SourceDate "2011.11.24"]
[SourceVersion "1"]
[SourceVersionDate "2011.11.24"]
[SourceQuality "1"]

1. e4 d5 2. exd5 Nf6 3. d4 Nxd5 4. c4 Nf6 5. Nf3 Bg4 6. Be2 e6 7. Be3 Be7 8. Ne5 Bxe2 9. Qxe2 0-0 10. Nc3 Nbd7 11. 0-0 Rc8 12. Rfd1 a6 13. a4 h6 14. Rab1 b6 15. b4 Qe8 16. Nc6 Nb8 17. Nxe7+ Qxe7 18. Qf3 Rfd8 19. h3 c6 20. d5 cxd5 21. Bxb6 Rd7 22. cxd5 exd5 23. Nxd5 Nxd5 24. Rxd5 Rxd5 25. Qxd5 Nd7 26. Be3 Nf6 27. Qd3 Qb7 28. b5 axb5 29. axb5 Ne4 30. b6 Nc5 31. Qf5 Nd7 32. Ra1 1-0

[Event "Novosibirsk U16"]
[Site "Novosibirsk"]
[Date "2010.10.01"]
[Round "5"]
[White "Moskalev, Alexander"]
[Black "Kezin, Roman"]
[Result "0-1"]
[WhiteElo "2004"]
[BlackElo "2312"]
[PlyCount "104"]
[EventDate "2010.09.26"]
[EventType "swiss"]
[EventRounds "7"]
[EventCountry "RUS"]
[SourceTitle "EXT 2022"]
[Source "ChessBase"]
[SourceDate "2021.10.06"]
[SourceVersion "1"]
[SourceVersionDate "2021.10.06"]
[SourceQuality "1"]

1. e4 c5 2. Nf3 e6 3. d4 cxd4 4. Nxd4 a6 5. Nc3 Nc6 6. Be3 Qc7 7. Bd3 Nf6 8. 0-0 Nxd4 9. Bxd4 Bc5 10. Bxc5 Qxc5 11. Qd2 b5 12. Kh1 0-0 13. Rae1 d6 14. f4 e5 15. fxe5 Qxe5 16. a4 bxa4 17. Nxa4 Rb8 18. b3 a5 19. Nc3 Ng4 20. g3 Qd4 21. Nd5 Ne5 22. Nf4 Bb7 23. h3 Rfc8 24. Qf2 Qxf2 25. Rxf2 Rc3 26. Kh2 g5 27. Nh5 Rxd3 28. cxd3 Nxd3 29. Ref1 Nxf2 30. Rxf2 Rc8 31. Rf5 Rc5 32. Rf6 Bxe4 33. Rxd6 Kf8 34. Rb6 Bf5 35. g4 Be6 36. Nf6 Rc2+ 37. Kg1 Kg7 38. Ne4 h6 39. Rb5 Ra2 40. Nc5 Bd5 41. Nd3 Bg2 42. Nf2 Bc6 43. Rc5 Bd7 44. Nd3 Ra3 45. Nc1 a4 46. bxa4 Rxh3 47. Kg2 Bxg4 48. a5 Ra3 49. Kf2 Kg6 50. Rc6+ f6 51. Ra6 Rc3 52. Ne2 Rc2 0-1

[Event "Berdsk Maestro op 16th"]
[Site "Berdsk"]
[Date "2010.07.13"]
[Round "6"]
[White "Rodionova, Daria"]
[Black "Moskalev, Alexander"]
[Result "0-1"]
[WhiteElo "1884"]
[BlackElo "1989"]
[PlyCount "100"]
[EventDate "2010.07.08"]
[EventType "swiss"]
[EventRounds "9"]
[EventCountry "RUS"]
[SourceTitle "EXT 2011"]
[Source "ChessBase"]
[SourceDate "2010.11.26"]
[SourceVersion "1"]
[SourceVersionDate "2010.11.26"]
[SourceQuality "1"]

1. e4 c5 2. Nc3 d6 3. g3 g6 4. Bg2 Bg7 5. Nge2 Nc6 6. d3 e6 7. 0-0 Rb8 8. f4 Nge7 9. Be3 Nd4 10. Bf2 0-0 11. Nxd4 cxd4 12. Ne2 Nc6 13. Be1 b5 14. c3 b4 15. cxd4 Nxd4 16. Bf2 e5 17. Bxd4 exd4 18. Rc1 Be6 19. b3 Qa5 20. Qd2 Rfc8 21. Rxc8+ Rxc8 22. Rc1 Rc5 23. Rc2 Qb5 24. Rxc5 dxc5 25. Nc1 a5 26. Qc2 Bf8 27. Kf2 Bd7 28. Kg1 a4 29. Kf2 axb3 30. axb3 Qa6 31. Ke2 Qa1 32. Kd2 h5 33. h3 Be6 34. Ne2 Qa3 35. Nc1 Qa8 36. Qd1 Qc8 37. Qf1 Bh6 38. e5 Qc7 39. Kc2 Qc8 40. Kd2 Kg7 41. Kc2 Qa6 42. Qf2 Qa1 43. Qd2 Bf5 44. Bf1 Qa8 45. Qg2 Qc8 46. Kb2 Be6 47. Kc2 h4 48. Ne2 Qa6 49. Nc1 Qa1 50. gxh4 Bxf4 0-1

[Event "Koltsovo op"]
[Site "Koltsovo"]
[Date "2010.07.02"]
[Round "5"]
[White "Mikhalev, Vladimir"]
[Black "Moskalev, Alexander"]
[Result "1-0"]
[WhiteElo "2114"]
[BlackElo "1989"]
[PlyCount "99"]
[EventDate "2010.06.28"]
[EventType "swiss"]
[EventRounds "9"]
[EventCountry "RUS"]
[SourceTitle "CBM 137 Extra"]
[Source "ChessBase"]
[SourceDate "2010.09.01"]
[SourceVersion "1"]
[SourceVersionDate "2010.09.01"]
[SourceQuality "1"]

1. d4 d5 2. Nf3 c6 3. Bf4 Qb6 4. Qc1 Nf6 5. e3 Bf5 6. Nbd2 Na6 7. c3 e6 8. Be2 Be7 9. Ne5 h6 10. b4 0-0 11. g4 Bh7 12. h4 Qd8 13. g5 Ne4 14. gxh6 Bxh4 15. hxg7 Kxg7 16. Rh2 Nb8 17. Ndf3 Bg5 18. Nxg5 Nxg5 19. Rg2 f6 20. Nf3 Bg6 21. Nxg5 fxg5 22. Rxg5 Kf7 23. Qd1 Rh8 24. Kd2 Nd7 25. Qg1 Qg8 26. Bd3 Bxd3 27. Rxg8 Raxg8 28. Qd1 Be4 29. Qe2 Nb6 30. Rf1 Nc4+ 31. Kc1 a5 32. f3 Bf5 33. e4 Bh3 34. Rh1 a4 35. Be5 Rh6 36. Qh2 Ke7 37. Qf4 Rh7 38. Qf6+ Kd7 39. Bh2 Rg2 40. Qf4 e5 41. dxe5 Be6 42. exd5 cxd5 43. Rd1 Rhxh2 44. Qxc4 Rc2+ 45. Kb1 Kd8 46. f4 b5 47. Rxd5+ Bxd5 48. Qxd5+ Ke7 49. Qd6+ Ke8 50. Qg6+ 1-0

[Event "Koltsovo op"]
[Site "Koltsovo"]
[Date "2010.06.29"]
[Round "2"]
[White "Moskalev, Alexander"]
[Black "Khlichkova, Tatiana"]
[Result "1/2-1/2"]
[WhiteElo "1989"]
[BlackElo "2076"]
[PlyCount "115"]
[EventDate "2010.06.28"]
[EventType "swiss"]
[EventRounds "9"]
[EventCountry "RUS"]
[SourceTitle "CBM 137 Extra"]
[Source "ChessBase"]
[SourceDate "2010.09.01"]
[SourceVersion "1"]
[SourceVersionDate "2010.09.01"]
[SourceQuality "1"]

1. e4 g6 2. d4 Bg7 3. Nf3 d6 4. Nc3 a6 5. a4 Nc6 6. Be2 f5 7. d5 Ne5 8. Nd4 c5 9. Ne6 Bxe6 10. dxe6 fxe4 11. Nxe4 Qb6 12. 0-0 0-0-0 13. Qd5 Qc6 14. Rd1 Qxd5 15. Rxd5 Nf6 16. Nxf6 Bxf6 17. Bd2 Nc6 18. c3 Rdf8 19. Bh6 Rfg8 20. f4 Bg7 21. Bg5 Rf8 22. Rf1 h6 23. Bh4 Bf6 24. Be1 Kc7 25. g4 Bg7 26. Bh4 Bf6 27. Bg3 Kc8 28. Bd3 Rfg8 29. h4 g5 30. fxg5 hxg5 31. h5 Be5 32. Bxe5 Nxe5 33. Bf5 Kc7 34. Kg2 Nc4 35. Re1 Nxb2 36. Re4 b5 37. axb5 axb5 38. Bg6 Ra8 39. Rxg5 Ra3 40. Bf7 Nd1 41. Rg8 Rxg8 42. Bxg8 Ra8 43. Bf7 Nxc3 44. Re1 Nd5 45. g5 b4 46. h6 c4 47. h7 b3 48. Kf3 Rh8 49. g6 Nf6 50. Ke3 Kc6 51. Kd4 Kb5 52. Rf1 Nh5 53. Kc3 Ng7 54. Bg8 d5 55. Ra1 Nf5 56. Ra8 d4+ 57. Kd2 Kb4 58. Rb8+ 1/2-1/2

[Event "Novosibirsk-ch"]
[Site "Novosibirsk"]
[Date "2010.03.06"]
[Round "5"]
[White "Kamrukov, Alexey"]
[Black "Moskalev, Alexander"]
[Result "1-0"]
[WhiteElo "2031"]
[BlackElo "1957"]
[PlyCount "103"]
[EventDate "2010.03.01"]
[EventType "swiss"]
[EventRounds "9"]
[EventCountry "RUS"]
[SourceTitle "CBM 135 Extra"]
[Source "ChessBase"]
[SourceDate "2010.05.04"]
[SourceVersion "1"]
[SourceVersionDate "2010.05.04"]
[SourceQuality "1"]

1. d4 d5 2. c4 c6 3. Nc3 Nf6 4. Nf3 dxc4 5. a4 Bf5 6. e3 e6 7. Bxc4 Bb4 8. 0-0 Nbd7 9. Qe2 Bg4 10. e4 0-0 11. Rd1 Qa5 12. Bd2 e5 13. dxe5 Nxe5 14. Bb3 Rad8 15. Be1 Nh5 16. Qe3 Bxf3 17. gxf3 Bc5 18. Qc1 Nxf3+ 19. Kg2 Nxe1+ 20. Rxe1 Bxf2 21. Kxf2 Qb6+ 22. Re3 Rd3 23. Bc2 Rd6 24. Ne2 f5 25. exf5 Nf6 26. Kg3 Qb4 27. Bb3+ Nd5 28. Qc4 Qb6 29. Qf4 Qd8 30. Qg4 Kh8 31. Bxd5 Rxd5 32. Rf1 Qd6+ 33. Qf4 Qf6 34. Nc3 Rd4 35. Re4 Rxe4 36. Nxe4 Qxb2 37. Rf3 Qd4 38. Kh3 c5 39. Qd6 Rd8 40. Qxd4 Rxd4 41. Nxc5 b6 42. Ne6 Rxa4 43. Rc3 Kg8 44. Rc7 Re4 45. Rxg7+ Kh8 46. Rxa7 Re3+ 47. Kg4 Kg8 48. Rg7+ Kh8 49. Rb7 Kg8 50. Kg5 Rh3 51. Kf6 h5 52. Kg6 1-0

[Event "Novosibirsk Region-ch"]
[Site "Novosibirsk"]
[Date "2009.12.09"]
[Round "7"]
[White "Moskalev, Alexander"]
[Black "Faleev, Vasily"]
[Result "1-0"]
[WhiteElo "1914"]
[BlackElo "1959"]
[PlyCount "65"]
[EventDate "2009.12.04"]
[EventType "swiss"]
[EventRounds "9"]
[EventCountry "RUS"]
[SourceTitle "EXT 2011"]
[Source "ChessBase"]
[SourceDate "2010.11.26"]
[SourceVersion "1"]
[SourceVersionDate "2010.11.26"]
[SourceQuality "1"]

1. e4 e5 2. Nf3 Nc6 3. Bb5 Nd4 4. Bc4 d6 5. Nxd4 exd4 6. 0-0 Be6 7. Bxe6 fxe6 8. Qh5+ Kd7 9. c3 dxc3 10. bxc3 a6 11. d4 Nf6 12. Qe2 Qe8 13. c4 Qh5 14. Qd3 Rd8 15. Nc3 g5 16. Rb1 Kc8 17. a4 Rg8 18. a5 Ng4 19. Qg3 Nf6 20. Be3 Qg6 21. f3 h5 22. Qf2 Rd7 23. e5 dxe5 24. dxe5 Qd3 25. Na4 Nh7 26. Rb2 Be7 27. Rfb1 Qd1+ 28. Qf1 Qxf1+ 29. Kxf1 Rd3 30. Rxb7 Rf8 31. Bc5 Rf7 32. Bxe7 Rxe7 33. Nc5 1-0

[Event "Novosibirsk Region-ch"]
[Site "Novosibirsk"]
[Date "2009.12.04"]
[Round "1"]
[White "Petrukhina, Olga"]
[Black "Moskalev, Alexander"]
[Result "1/2-1/2"]
[WhiteElo "2130"]
[BlackElo "1914"]
[PlyCount "102"]
[EventDate "2009.12.04"]
[EventType "swiss"]
[EventRounds "9"]
[EventCountry "RUS"]
[SourceTitle "EXT 2011"]
[Source "ChessBase"]
[SourceDate "2010.11.26"]
[SourceVersion "1"]
[SourceVersionDate "2010.11.26"]
[SourceQuality "1"]

1. e4 c5 2. c3 d5 3. exd5 Qxd5 4. d4 e6 5. Nf3 Nf6 6. Be2 Be7 7. Be3 cxd4 8. cxd4 0-0 9. Nc3 Qd6 10. 0-0 b6 11. Ne5 Bb7 12. Bf3 Nd5 13. Nxd5 Bxd5 14. Rc1 f6 15. Nd3 g5 16. h4 h6 17. Bd2 Na6 18. Bc3 Nc7 19. Re1 Qd7 20. Bxd5 Nxd5 21. Qg4 Kf7 22. Qe4 Rg8 23. h5 Bd6 24. a3 f5 25. Qe2 g4 26. Bb4 Bb8 27. Ne5+ Bxe5 28. Qxe5 Rg5 29. Bd2 Rxh5 30. b4 Re8 31. Qg3 Qe7 32. Rc6 Qf6 33. Re5 Qh4 34. Qxh4 Rxh4 35. g3 Rh3 36. Kg2 Nf6 37. b5 Nd5 38. Rd6 Re7 39. Bb4 Nxb4 40. axb4 f4 41. gxf4 Rf3 42. f5 exf5 43. Rxh6 Rxe5 44. dxe5 Rb3 45. Rf6+ Ke7 46. Rxf5 Rxb4 47. Kg3 Ke6 48. Rh5 Rxb5 49. Rh6+ Ke7 50. Kxg4 Rxe5 51. Rh7+ Kf6 1/2-1/2

[Event "Novosibirsk op 04"]
[Site "Novosibirsk"]
[Date "2009.04.08"]
[Round "5"]
[White "Moskalev, Alexander"]
[Black "Anikin, Roman"]
[Result "1-0"]
[WhiteElo "1887"]
[BlackElo "1917"]
[PlyCount "83"]
[EventDate "2009.04.03"]
[EventType "swiss"]
[EventRounds "9"]
[EventCountry "RUS"]
[SourceTitle "EXT 2012"]
[Source "ChessBase"]
[SourceDate "2011.11.24"]
[SourceVersion "1"]
[SourceVersionDate "2011.11.24"]
[SourceQuality "1"]

1. e4 c5 2. Nf3 d6 3. d4 cxd4 4. Nxd4 Nf6 5. Nc3 g6 6. f3 Bg7 7. Be3 0-0 8. Qd2 Nc6 9. Bc4 Bd7 10. a4 Rc8 11. Bb5 Ne5 12. Bd3 Nc4 13. Bxc4 Rxc4 14. 0-0 a6 15. a5 h5 16. Nce2 e5 17. Nb3 Be6 18. Bb6 Qd7 19. Nc3 Rfc8 20. Rfd1 Ne8 21. Nc1 f5 22. exf5 Bxf5 23. N1e2 Kh7 24. Ng3 Bh6 25. Be3 Bxe3+ 26. Qxe3 Bxc2 27. Rd2 Bf5 28. Rad1 R4c5 29. Nge4 Bxe4 30. Nxe4 Rc1 31. Ng5+ Kg7 32. Qxe5+ dxe5 33. Rxd7+ Kf6 34. Ne4+ Ke6 35. b4 Rxd1+ 36. Rxd1 Rc4 37. Nc5+ Kf5 38. Rd7 Rxb4 39. Rf7+ Kg5 40. Ne6+ Kh4 41. g3+ Kh3 42. Ng5# 1-0

[Event "Novosibirsk op 04"]
[Site "Novosibirsk"]
[Date "2009.04.03"]
[Round "1"]
[White "Chuguev, Anton"]
[Black "Moskalev, Alexander"]
[Result "1-0"]
[WhiteElo "2214"]
[BlackElo "1887"]
[PlyCount "65"]
[EventDate "2009.04.03"]
[EventType "swiss"]
[EventRounds "9"]
[EventCountry "RUS"]
[SourceTitle "EXT 2012"]
[Source "ChessBase"]
[SourceDate "2011.11.24"]
[SourceVersion "1"]
[SourceVersionDate "2011.11.24"]
[SourceQuality "1"]

1. d4 d5 2. c4 c6 3. Nc3 Nf6 4. cxd5 cxd5 5. Nf3 Nc6 6. Bf4 Bf5 7. e3 e6 8. Bb5 Rc8 9. Ne5 Qb6 10. g4 Be4 11. f3 Bg6 12. h4 h6 13. Nxg6 fxg6 14. Qb1 Bb4 15. Qxg6+ Kf8 16. Qd3 Kf7 17. h5 Na5 18. Kf2 Nc4 19. Bxc4 Rxc4 20. Qg6+ Kf8 21. g5 hxg5 22. h6 Rxh6 23. Rxh6 gxh6 24. Qxf6+ Ke8 25. Be5 Bxc3 26. bxc3 Qb2+ 27. Kg3 Qxa1 28. Qxe6+ Kf8 29. Bd6+ Kg7 30. Qe7+ Kg6 31. Qe8+ Kg7 32. Be5+ Kh7 33. Qf7# 1-0

[Event "Novosibirsk November op"]
[Site "Novosibirsk"]
[Date "2008.11.20"]
[Round "1"]
[White "Zubarev, Alexsander M"]
[Black "Moskalev, Alexander"]
[Result "1-0"]
[WhiteElo "1940"]
[BlackElo "1706"]
[PlyCount "75"]
[EventDate "2008.11.20"]
[EventType "swiss"]
[EventRounds "9"]
[EventCountry "RUS"]
[SourceTitle "EXT 2022"]
[Source "ChessBase"]
[SourceDate "2021.10.06"]
[SourceVersion "1"]
[SourceVersionDate "2021.10.06"]
[SourceQuality "1"]

1. e4 c5 2. Nc3 e6 3. g3 Nc6 4. Bg2 g6 5. Nh3 Bg7 6. 0-0 Nge7 7. d3 0-0 8. Rb1 a6 9. g4 b5 10. f4 d6 11. f5 f6 12. fxe6 Bxe6 13. Nf4 Qd7 14. h3 Rac8 15. Be3 Bh6 16. Qd2 Bxf4 17. Rxf4 Ne5 18. b3 N7c6 19. Rbf1 Qd8 20. Nd5 Nd7 21. R4f2 b4 22. Bh6 Rf7 23. Ne3 Nd4 24. c3 bxc3 25. Qxc3 Ne5 26. Nd5 Nd7 27. Be3 Nb5 28. Qd2 g5 29. a4 Nc7 30. d4 Kg7 31. Nxc7 Bxb3 32. Nd5 Bxa4 33. Bxg5 Bb5 34. Bh6+ Kg8 35. Rd1 cxd4 36. Qxd4 Rc4 37. Qe3 Ne5 38. Bf4 1-0